000 00527nam a2200193 i 4500
001 bg
100 1 _aBarta, Janusz
_d(1947- ).
245 1 0 _aGłówne problemy prawa komputerowego /
_cJ. Barta, R. Markiewicz.
260 _aWarszawa :
_bWydawnictwa Naukowo-Techniczne,
_c1993.
650 9 _aPrawo komputerowe
700 1 _aMarkiewicz, Ryszard.
040 _cBPK
041 _apol
080 _a347.77/.78(100)
080 _a347.45/.46(100)
080 _a004
942 _cKS
008 s pl f |000 0 pol
999 _c29758
_d29758
856 _uhttp://koha.tu.koszalin.pl/cgi-bin/koha/opac-detail.pl?biblionumber=29758
_yKatalog online BPK